| 000 | 01022cam a2200241 4500 | ||
|---|---|---|---|
| 008 | 000000n2000 000 0 eng u | ||
| 020 | _a0953169693 | ||
| 035 | _a(Sirsi) u111854 | ||
| 050 | _a745.1026 | ||
| 100 | _aO'Keefe, Patrick J. | ||
| 245 | _aCommentary on the UNESCO 1970 Convention on illicit traffic. | ||
| 260 |
_aLeicester _bInstitute of Art and Law _c2000 |
||
| 300 | _a171p. ; 24cm. | ||
| 350 | _a25.00 | ||
| 520 | _aAn article by article analysis of the UNESCO Convention on Cultural Property together with an examination of its impact. Appendices contain other related documents, including the Unidroit Convention on Stolen or Illegally Exported Cultural Objects 1995. | ||
| 650 | _aCULTURAL PROPERTY | ||
| 650 | _aCULTURAL OBJECTS | ||
| 650 | _aILLEGAL EXPORTS | ||
| 650 | _aEXPORTING | ||
| 650 | _aCONVENTION ON THE MEANS OF PROHIBITING AND PREVENTION OF THE ILLICIT IMPORT, EXPORT AND TRANSFER OF OWNERSHIP OF CULTURAL PROPERTY 1970 | ||
| 690 |
_aArts and antiques _96217 |
||
| 942 | _n0 | ||
| 999 |
_c101295 _d101295 |
||